|
|
|
|
| LEADER |
00000nam0a2200000 4500 |
| 001 |
85211 |
| 005 |
20231101213413.0 |
| 035 |
|
|
|a (RuTPU)RU\TPU\book\91554
|
| 090 |
|
|
|a 85211
|
| 100 |
|
|
|a 20051110d2005 m y0rusy50 ca
|
| 101 |
0 |
|
|a eng
|
| 102 |
|
|
|a RU
|
| 105 |
|
|
|a a j 000zy
|
| 200 |
1 |
|
|a Учебно-методическое пособие по обучению текстов по техническим специальностям на английском языке для студентов старших курсов и магистрантов МСФ, ТЭФ, ИГНД
|f Р. М. Даниленко, Г. С. Казанцева, Л. Т. Серебрякова
|g Томский политехнический университет
|
| 210 |
|
|
|a Томск
|c Изд-во ТПУ
|d 2005
|
| 215 |
|
|
|a 105 с.
|c ил.
|
| 225 |
1 |
|
|a Учебники Томского политехнического университета
|
| 452 |
|
1 |
|0 (RuTPU)RU\TPU\book\147384
|t Учебно-методическое пособие по обучению текстов по техническим специальностям на английском языке для студентов старших курсов и магистрантов МСФ, ТЭФ, ИГНД
|f Р. М. Даниленко, Г. С. Казанцева, Л. Т. Серебрякова
|g Томский политехнический университет
|c Томск
|n Изд-во ТПУ
|d 2005
|s Учебники Томского политехнического университета
|a Даниленко, Раиса Миншанховна
|
| 606 |
1 |
|
|a Английский язык
|x Учебные руководства и пособия
|x Книги для чтения по различным специальностям. Технические хрестоматии
|2 stltpush
|3 (RuTPU)RU\TPU\subj\29076
|9 52488
|
| 610 |
1 |
|
|a лексика
|
| 610 |
1 |
|
|a научная лексика
|
| 610 |
1 |
|
|a техника
|
| 610 |
1 |
|
|a чтение
|
| 610 |
1 |
|
|a устная речь
|
| 610 |
1 |
|
|a учебно-методические пособия
|
| 686 |
|
|
|a Ш143.21-923.81
|v LBC/SL-A
|2 rubbk
|
| 700 |
|
1 |
|a Даниленко
|b Р. М.
|g Раиса Миншанховна
|
| 701 |
|
1 |
|a Казанцева
|b Г. С.
|c лингвист
|c доцент Томского политехнического университета
|f 1947-
|g Галина Семёновна
|2 stltpush
|3 (RuTPU)RU\TPU\pers\28437
|
| 701 |
|
1 |
|a Серебрякова
|b Л. Т.
|g Людмила Тимофеевна
|
| 712 |
0 |
2 |
|a Томский политехнический университет
|2 stltpush
|3 (RuTPU)RU\TPU\col\376
|
| 801 |
|
1 |
|a RU
|b 63413507
|c 20051110
|g PSBO
|
| 801 |
|
2 |
|a RU
|b 63413507
|c 20161018
|g PSBO
|
| 942 |
|
|
|c BK
|